00481nam a22001457a 450000500170000001000130001702000330003003700310006324500360009426000310013027000830016130000200024449000310026450000400029520150811112732.0 a1516EN07 a9789351433156(v.II)c1350.00 adplbAsian Book Centre/Ven aJigeesha's general studies-V II aGurgaonbLexis Nexisc2015 a14th Floor, Building No. 10, Tower-B, DLF Cyber City Phase-IIbGurgaone122002 aV.p.c28cm(pbk) aCatapult test prep series  afor civil services main examination